[Event "Krasnoyarsk Regional-ch"]
[Site "Krasnoyarsk"]
[Date "2017.10.08"]
[Round "9"]
[White "Brin, Ilya"]
[Black "Bychkov, Vladimir"]
[Result "1/2-1/2"]
[WhiteElo "1915"]
[BlackElo "2263"]
[PlyCount "32"]
[EventDate "2017.09.30"]
[EventType "swiss"]
[EventRounds "9"]
[EventCountry "RUS"]
[SourceTitle "CBM 181 Extra"]
[Source "ChessBase"]
[SourceDate "2017.12.12"]
[SourceVersion "1"]
[SourceVersionDate "2017.12.12"]
[SourceQuality "1"]

1. e4 e6 2. d4 d5 3. Nd2 Nf6 4. e5 Nfd7 5. f4 c5 6. c3 Nc6 7. Ndf3 a6 8. Bd3 Qa5 9. Ne2 cxd4 10. Nexd4 Be7 11. 0-0 0-0 12. Qe1 Qc7 13. Qg3 Nc5 14. Bc2 Ne4 15. Bxe4 dxe4 16. Nxc6 Qxc6 1/2-1/2

[Event "RUS-chT U14"]
[Site "Sochi"]
[Date "2016.05.04"]
[Round "4.2"]
[White "Vetokhin, Ilia"]
[Black "Brin, Ilya"]
[Result "0-1"]
[WhiteElo "1799"]
[BlackElo "1817"]
[PlyCount "96"]
[EventDate "2016.05.01"]
[EventType "team-tourn"]
[EventRounds "9"]
[EventCountry "RUS"]
[SourceTitle "EXT 2018"]
[Source "ChessBase"]
[SourceDate "2017.10.13"]
[SourceVersion "1"]
[SourceVersionDate "2017.10.13"]
[SourceQuality "1"]

1. d4 Nf6 2. c4 c5 3. d5 e6 4. Nc3 exd5 5. cxd5 d6 6. e4 g6 7. f4 Bg7 8. Bb5+ Bd7 9. e5 Nh5 10. Nf3 0-0 11. 0-0 Bg4 12. Re1 a6 13. Bd3 Re8 14. e6 fxe6 15. dxe6 d5 16. f5 Bd4+ 17. Kh1 gxf5 18. Bxf5 Bxf5 19. Nxd4 cxd4 20. Qxh5 Bg6 21. Qe5 Nc6 22. Qg3 dxc3 23. h4 Qf6 24. Bg5 Qg7 25. bxc3 Be4 26. Qh3 h6 27. Bd2 Rf8 28. Re3 Kh8 29. Rg3 Qh7 30. c4 d4 31. e7 Nxe7 32. Qe6 Nc6 33. Bxh6 Rae8 34. Qd6 Rd8 35. Qe6 Bf5 36. Qe2 Qxh6 37. Rg5 Qxh4+ 38. Kg1 Qxg5 39. Rf1 Qe3+ 40. Qxe3 dxe3 41. Re1 Rd3 42. c5 Be4 43. g4 Rf2 44. Rxe3 Rg2+ 45. Kf1 Rxe3 46. a4 Nd4 47. c6 Nc2 48. c7 Re1# 0-1

[Event "RUS-chT U14"]
[Site "Sochi"]
[Date "2016.05.01"]
[Round "1.4"]
[White "Brin, Ilya"]
[Black "Suvorov, Aleksandr1111"]
[Result "1-0"]
[WhiteElo "1817"]
[BlackElo "1938"]
[PlyCount "89"]
[EventDate "2016.05.01"]
[EventType "team-tourn"]
[EventRounds "9"]
[EventCountry "RUS"]
[SourceTitle "EXT 2018"]
[Source "ChessBase"]
[SourceDate "2017.10.13"]
[SourceVersion "1"]
[SourceVersionDate "2017.10.13"]
[SourceQuality "1"]

1. e4 c5 2. c3 d5 3. exd5 Qxd5 4. d4 Nc6 5. Nf3 Bg4 6. Be2 cxd4 7. cxd4 e6 8. Nc3 Qa5 9. 0-0 Nf6 10. a3 Be7 11. h3 Bh5 12. b4 Qd8 13. Qb3 0-0 14. Be3 Bxf3 15. Bxf3 Nxd4 16. Bxd4 Qxd4 17. Bxb7 Rab8 18. Rfd1 Qe5 19. Bf3 Bd6 20. g3 Bc5 21. Kg2 a5 22. b5 Bd4 23. Rac1 Bxc3 24. Qxc3 Qxb5 25. Qc7 a4 26. Rd4 Qb2 27. Rxa4 e5 28. Re1 e4 29. Bxe4 Qd2 30. Rc1 Nxe4 31. Rxe4 Rb2 32. Rf4 h6 33. a4 Qd5+ 34. Kh2 g5 35. Qc3 Rfb8 36. Rf6 Ra2 37. Kg1 Rb3 38. Qc6 Qe5 39. Qc8+ Kg7 40. Rxf7+ Kxf7 41. Rc7+ Kg6 42. Qg8+ Kf5 43. Qh7+ Ke6 44. Qf7+ Kd6 45. Qd7# 1-0

[Event "Krasnoyarsk-ch"]
[Site "Krasnoyarsk"]
[Date "2016.03.01"]
[Round "4"]
[White "Brin, Ilya"]
[Black "Krasnov, Vladimir"]
[Result "1/2-1/2"]
[WhiteElo "1862"]
[BlackElo "1992"]
[PlyCount "111"]
[EventDate "2016.02.01"]
[EventType "swiss"]
[EventRounds "9"]
[EventCountry "RUS"]
[SourceTitle "CBM 171 Extra"]
[Source "ChessBase"]
[SourceDate "2016.04.26"]
[SourceVersion "1"]
[SourceVersionDate "2016.04.26"]
[SourceQuality "1"]

1. e4 e5 2. Nc3 Bc5 3. Bc4 Nf6 4. d3 h6 5. f4 d6 6. Nf3 Bg4 7. fxe5 Bxf3 8. Qxf3 dxe5 9. Nd5 c6 10. Nxf6+ Qxf6 11. Qg3 0-0 12. Rf1 Qd6 13. Be3 Bxe3 14. Qxe3 b5 15. Bb3 a5 16. a3 a4 17. Ba2 Na6 18. Ke2 b4 19. Bc4 bxa3 20. bxa3 Nc5 21. Rf3 Ne6 22. Bxe6 Qxe6 23. Rff1 Rab8 24. Rfb1 Rxb1 25. Rxb1 Qa2 26. Qc1 Qe6 27. Rb7 Qg4+ 28. Kf1 f5 29. h3 Qg6 30. exf5 Qxf5+ 31. Kg1 e4 32. Qe3 exd3 33. Qd4 Qg5 34. cxd3 Re8 35. Rb1 Re2 36. Qg4 Qxg4 37. hxg4 Ra2 38. Rb8+ Kh7 39. Rc8 Rxa3 40. Rxc6 Rxd3 41. Rc4 a3 42. Ra4 Rb3 43. Ra6 g5 44. Kh2 Kg7 45. Kg1 Kf7 46. Kh2 Ke7 47. Rxh6 a2 48. Ra6 Rb2 49. Kg3 Rb3+ 50. Kf2 Rb2+ 51. Kf3 Kd7 52. Ke4 Rf2 53. Ke3 Rxg2 54. Kf3 Rb2 55. Ke4 Rf2 56. Ke3 1/2-1/2

[Event "EU-ch blitz"]
[Site "Minsk"]
[Date "2015.12.18"]
[Round "1.40"]
[White "Brin, Ilya"]
[Black "Dzhumagaliev, Yan"]
[Result "0-1"]
[WhiteElo "1862"]
[BlackElo "2400"]
[PlyCount "100"]
[EventDate "2015.12.18"]
[EventType "swiss (blitz)"]
[EventRounds "22"]
[EventCountry "BLR"]
[SourceTitle "EXT 2017"]
[Source "ChessBase"]
[SourceDate "2016.10.25"]
[SourceVersion "1"]
[SourceVersionDate "2016.10.25"]
[SourceQuality "1"]

1. e4 c5 2. c3 d5 3. exd5 Qxd5 4. d4 Nc6 5. Nf3 Bf5 6. Bd3 Bxd3 7. Qxd3 cxd4 8. cxd4 Nb4 9. Qe2 Qf5 10. 0-0 Nc2 11. Nh4 Qc8 12. Qb5+ Qc6 13. Qxc6+ bxc6 14. Bf4 Nxa1 15. Na3 e5 16. Bxe5 f6 17. Bg3 Bxa3 18. bxa3 Nc2 19. Nf5 g6 20. Nd6+ Kf8 21. d5 cxd5 22. Rc1 Nd4 23. Rc7 Ne2+ 24. Kf1 Nxg3+ 25. fxg3 Ne7 26. Rb7 a6 27. Ke2 Rd8 28. Rb6 Nc8 29. Nxc8 Rxc8 30. Rxf6+ Ke7 31. Rxa6 Rc2+ 32. Kd3 Rxa2 33. Kd4 Rd8 34. Ra7+ Rd7 35. Ra6 Rxg2 36. Ke5 Re2+ 37. Kd4 Rxh2 38. Ke5 Re2+ 39. Kd4 Re4+ 40. Kc5 Rc4+ 41. Kb5 Rb7+ 42. Ka5 Rc3 43. Ka4 d4 44. Ra8 d3 45. Rh8 Ke6 46. Re8+ Kd6 47. Rd8+ Rd7 48. Rf8 d2 49. Kb4 Rc1 50. Rf6+ Ke7 0-1

[Event "EU-ch U12 25th"]
[Site "Porec"]
[Date "2015.09.25"]
[Round "5"]
[White "Mitev, Valentin"]
[Black "Brin, Ilya"]
[Result "1/2-1/2"]
[WhiteElo "2013"]
[BlackElo "1934"]
[PlyCount "131"]
[EventDate "2015.09.21"]
[EventType "swiss"]
[EventRounds "9"]
[EventCountry "CRO"]
[SourceTitle "EXT 2016"]
[Source "ChessBase"]
[SourceDate "2015.10.08"]
[SourceVersion "1"]
[SourceVersionDate "2015.10.08"]
[SourceQuality "1"]

1. d4 Nf6 2. c4 g6 3. Nf3 Bg7 4. Nc3 0-0 5. e4 d6 6. Be2 c5 7. 0-0 Re8 8. h3 cxd4 9. Nxd4 Nc6 10. Be3 Nxd4 11. Bxd4 Bd7 12. Qd2 Bc6 13. Bf3 a6 14. Rac1 Rc8 15. Nd5 Bxd5 16. cxd5 Qd7 17. Rfd1 h5 18. Kh2 Rxc1 19. Rxc1 Qa4 20. Bxf6 Bxf6 21. b3 Qb5 22. Rc4 Qb6 23. g3 h4 24. Kg2 hxg3 25. fxg3 Qa7 26. Qf2 Qxf2+ 27. Kxf2 b5 28. Rc6 a5 29. Be2 Bd4+ 30. Kf3 Rb8 31. Ra6 Rc8 32. Bd3 Rc3 33. Ke2 b4 34. Kd2 Rc5 35. Rc6 Kg7 36. Rxc5 Bxc5 37. Bb5 Bf2 38. g4 g5 39. Kd3 Kf6 40. Be8 Bc5 41. Kc4 Ke5 42. Bxf7 Kxe4 43. Be6 Kf4 44. Kb5 Kg3 45. Kxa5 Kxh3 46. Kb5 Kg3 47. Kc6 Kf4 48. Kd7 Ke4 49. Kxe7 Kd3 50. Bf5+ Kc3 51. Kf6 Be3 52. Ke6 Bf4 53. Kf6 Kb2 54. Bd3 Kxa2 55. Bc4 Kb2 56. Ke6 Kc3 57. Kf5 Kd4 58. Ke6 Ke4 59. Kf6 Be3 60. Ke6 Bc5 61. Be2 Ke3 62. Bc4 Kf4 63. Be2 Ke4 64. Bc4 Kf3 65. Kf5 Be3 66. Bb5 1/2-1/2

[Event "Krasnoyarsk-ch"]
[Site "Krasnoyarsk"]
[Date "2015.01.29"]
[Round "1"]
[White "Brin, Ilya"]
[Black "Sosnin, Mikhail"]
[Result "0-1"]
[WhiteElo "1758"]
[BlackElo "2087"]
[PlyCount "136"]
[EventDate "2015.01.29"]
[EventType "tourn"]
[EventRounds "11"]
[EventCountry "RUS"]
[SourceTitle "CBM 164 Extra"]
[Source "ChessBase"]
[SourceDate "2015.03.02"]
[SourceVersion "1"]
[SourceVersionDate "2015.03.02"]
[SourceQuality "1"]

1. e4 Nf6 2. e5 Nd5 3. d4 d6 4. c4 Nb6 5. exd6 cxd6 6. Nf3 g6 7. Be2 Bg7 8. 0-0 0-0 9. Nc3 Nc6 10. Be3 h6 11. Qd2 Kh7 12. Rfd1 Bf5 13. a3 e5 14. c5 exd4 15. Nxd4 Nxd4 16. Bxd4 dxc5 17. Bxc5 Qxd2 18. Rxd2 Rfc8 19. Bxb6 Rxc3 20. bxc3 Bxc3 21. Be3 Bxa1 22. Bf3 a5 23. Bb6 Ra6 24. Rd6 Bd4 25. Bc7 Rxd6 26. Bxd6 b6 27. Bc6 Bd3 28. a4 Kg7 29. Bd7 Bc4 30. g3 Bc5 31. Be5+ f6 32. Bc7 Kf7 33. Bd8 Bd4 34. Kg2 Kf8 35. Kf3 Bf7 36. Ke4 Bxf2 37. Bxf6 h5 38. Bd8 Be8 39. Bxe8 Kxe8 40. Bg5 Kd7 41. Kd5 Bg1 42. h4 Bc5 43. Bf4 Be7 44. Be3 Bd8 45. Bd4 Bc7 46. Bf2 Bb8 47. Be1 Bc7 48. Bf2 Bd6 49. Be1 Bc5 50. Bd2 Bd6 51. Be1 b5 52. axb5 a4 53. Kc4 a3 54. Kb3 Bc5 55. Bc3 Bd6 56. Be1 Bc5 57. Bc3 Kc7 58. Kc4 Bd6 59. Kb3 Kb6 60. Kc4 Bxg3 61. Bf6 a2 62. Bd8+ Kb7 63. Bf6 Bxh4 64. Bd4 Bf2 65. Be5 h4 66. Kb3 Kb6 67. Kxa2 Kxb5 68. Kb3 Bg3 0-1